000 00762nam a2200217 a 4500
001 000261609
003 AM-YEHGA
005 20250618075421.0
008 030912s1957 ai r 000 0 arm d
040 _aAM-YeHGA
041 0 _aarm
100 1 _aՍևունց, Գարեգին Սևիի,
_d1911-1969
_91751
245 1 0 _aԴանուբից Գանգես :
_b[Վեպ] /
_cԳ. Սևունց; Խմբ.՝ Ս. Սարգսյան; Նկ.՝ Ռ. Սարգսյան.
260 _aԵրևան :
_bՀայպետհրատ,
_c1957.
300 _a315 էջ :
_bլուսանկ. ;
_c21 սմ.
650 1 4 _aՀայ գրականություն
_xՎեպ
700 1 _aՍարգսյան, Ս.
_eխմբ.
_4edt
700 1 _aՍարգսյան, Ռ.
_eնկ.
_4art
942 _2udc
_cBK
090 _c465006
999 _c461860
_d461860